Dokumenty ke studiu ústavních systému kapitalistických zemí

Podrobná bibliografia
Hlavný autor: Blahož, Josef (Autor)
Médium: Kniha
Jazyk:čeština
Fyzický popis:234 s. 4°
Vydavateľské údaje: Praha Státní pedagogické nakladatelství 1979

MARC

LEADER 00000nam a2200000 a 4500
001 vtls001280855
003 SK-MaSNL
005 20260301195540.0
008 240314s1979 xr 0 cze
035 |a SNK000232252 
040 |a SNK  |b slo  |c SNK  |e AACR2 
044 |a xr  |c CZ 
100 1 |a Blahož, Josef  |4 aut  |9 280711 
245 1 0 |a Dokumenty ke studiu ústavních systému kapitalistických zemí  |c Josef Blahož 
260 |a Praha  |b Státní pedagogické nakladatelství  |c 1979 
300 |a 234 s.  |c 4° 
958 |a OND 
999 |c 886247  |d 888177 
952 |t P60, <04>, [BOOK], {604}  |a SNK  |b SNK  |y VYP  |7 0  |p 17A0056753  |o snkIB 41211  |i snkKIP 4877/79  |0 0  |1 0  |4 0  |d 1997-03-20  |l 0  |r 2005-01-02 00:00:00  |w 2026-02-24 
952 |t P60, <04>, [BOOK], {604}  |a SNK  |b SNK  |y VYP  |7 0  |p 17A0121497  |o snkIB 41211 D1  |i snkKIP 4878/79  |0 0  |1 1  |4 0  |d 1998-02-06  |l 0  |r 2005-01-02 00:00:00  |w 2026-02-24